Microelectronics and society : (Record no. 184812)

000 -LEADER
fixed length control field 01352 a2200253 4500
003 - CONTROL NUMBER IDENTIFIER
control field NUST
005 - DATE AND TIME OF LATEST TRANSACTION
control field 20221213181659.0
010 ## - LIBRARY OF CONGRESS CONTROL NUMBER
LC control number 81023493
020 ## - INTERNATIONAL STANDARD BOOK NUMBER
International Standard Book Number 008028955X (pbk.) :
020 ## - INTERNATIONAL STANDARD BOOK NUMBER
International Standard Book Number 0080289568 :
040 ## - CATALOGING SOURCE
Transcribing agency Nust
082 00 - DEWEY DECIMAL CLASSIFICATION NUMBER
Classification number 303.483,MIC
245 00 - TITLE STATEMENT
Title Microelectronics and society :
Remainder of title for better or for worse : a report to the Club of Rome /
Statement of responsibility, etc. edited by G赮ter Friedrichs and Adam Schaff.
250 ## - EDITION STATEMENT
Edition statement 1st ed.
260 ## - PUBLICATION, DISTRIBUTION, ETC.
Place of publication, distribution, etc. Oxford ;
-- New York :
Name of publisher, distributor, etc. Pergamon Press,
Date of publication, distribution, etc. 1982.
300 ## - PHYSICAL DESCRIPTION
Extent xii, 353 p., [4] p. of plates :
Other physical details ill. ;
Dimensions 22 cm.
440 #0 - SERIES STATEMENT/ADDED ENTRY--TITLE
Title Pergamon international library of science, technology, engineering, and social studies
9 (RLIN) 7281
505 ## - FORMATTED CONTENTS NOTE
Formatted contents note Introduction (Page-1), The Technology (Page-37), The Technology Applied (Page-89), The Impact on the Enterprise (Page-11), The Worker and the Workplace (Page-157), Microelectronics and Macroeconomics (Page-189), A Third World Perspective (Page-213), Microelectronics in War (Page-243), Information Technology and Society (Page-273), Microelectronics and World Interdependence (Page-311), Occupation Versus Work (Page-337), Glossary of Technical Terms (Page-351).
650 #0 - SUBJECT ADDED ENTRY--TOPICAL TERM
Topical term or geographic name entry element Microelectronics
General subdivision Social aspects.
9 (RLIN) 104796
700 1# - ADDED ENTRY--PERSONAL NAME
Personal name Friedrichs, G赮ter.
9 (RLIN) 104797
700 1# - ADDED ENTRY--PERSONAL NAME
Personal name Schaff, Adam.
9 (RLIN) 104798
710 2# - ADDED ENTRY--CORPORATE NAME
Corporate name or jurisdiction name as entry element Club of Rome.
9 (RLIN) 104799
942 ## - ADDED ENTRY ELEMENTS (KOHA)
Source of classification or shelving scheme
Koha item type Book
Call number prefix 303.483,MIC
Holdings
Withdrawn status Lost status Source of classification or shelving scheme Damaged status Not for loan Permanent Location Current Location Shelving location Date acquired Full call number Barcode Date last seen Price effective from Koha item type Public note
          Military College of Signals (MCS) Military College of Signals (MCS) General Stacks 12/12/2016 303.483,MIC MCS3331 12/08/2016 12/12/2016 Book Almirah No.49, Shelf No.1
© 2023 Central Library, National University of Sciences and Technology. All Rights Reserved.